000 00689nam a2200217 a 4500
001 000004578
005 20200929151450.0
008 810807s1971 sp 001 f spa
040 _aDO-SdBNP
_bspa
_cBNPHU
082 _a833.9
_bM281b
100 1 _aMann, Thomas,
_d1875-1955.
_913362
240 1 0 _aBuddenbrooks.
_lEspañol.
245 1 4 _aLos Buddenbrook /
_cThomas Mann ; traductor, Francisco Payarols.
260 _aBarcelona :
_bG. P.,
_c1971.
300 _av. ;
_c18 cm.
534 _aTítulo original:
_tBuddenbrooks.
500 _aLa biblioteca posee el tomo 1.
650 4 _aNovela alemana
_93302
650 4 _aLiteratura alemana
_93274
700 1 _aPayarols, Francisco ;
_etr.
_913363
999 _c4386
_d4386